000 00334nam a22001457a 4500
003 SGT
020 _a978-93-87085-11-4
082 _a344.04
_bNAN
100 _aNANJWADE, SASAVARAJ K.
245 _aPHARMACEUTICAL JURISPRUDENCE
260 _aINDIA
_bCBS PUB.
_c2021
300 _a376
650 _aJURISPRUDENCE
942 _2ddc
_cBK
999 _c32466
_d32466